000 01152nam0a22002411 4500
001 rc\3943113
005 20260407191012.0
021 _aRU
_b[56-2044]
035 _a(NLR Aleph) 007920757
090 _a8156257
_c8156257
100 _a20130415d1955 |||y0rusy50 ca
101 0 _arus
102 _aRU
105 _ay z |||||
200 1 _aТезисы докладов
_fМ-во культуры РСФСР. Упр. учеб. заведений. Ленингр. гос. библиотеч. ин-т им. Н.К. Крупской. III конференция профессорско-преподавательского состава по итогам науч. работы. 22-24 дек. 1955 г.
210 _aЛенинград
_cБ. и.
_d1955
215 _a40 с.
_d20
710 0 2 _aЛенинградский библиотечный институт им. Н. К. Крупской
_bКонференция профессорско-преподавательского состава
_d3
_f1955
_3RU\NLR\AUTH\8810123964
_9745576
801 0 _aRU
_bNLR
_gpsbo
801 1 _aRU
_bELAR
_2rusmarc
852 _aNLR
_jБ 4257/Г299
942 _cBOOK
980 _aNB